Управление техносферной беопасностью: учебное пособие
| 第一著者: | |
|---|---|
| 団体著者: | |
| その他の著者: | |
| 要約: | Заглавие с титульного экрана Электронная версия печатной публикации В пособии на основе зарубежных и отечественных источников и практического опыта описаны основные подходы к управлению техносферной безопасностью с целью оценки превентивных мероприятий и мероприятий по устранению последствий природных и техногенных чрезвычайных событий в соответствии с требованиями экологического, трудового законодательства, законодательства по чрезвычайным ситуациям и подзаконных нормативно-правовых актов.Предназначено для студентов, обучающихся по ООП 280700 "Техносферная безопасность", аспирантов, преподавателей, специалистов в области техносферной безопасности. Режим доступа: из корпоративной сети ТПУ |
| 言語: | ロシア語 |
| 出版事項: |
Томск, Изд-во ТПУ, 2014
|
| 主題: | |
| オンライン・アクセス: | http://www.lib.tpu.ru/fulltext2/m/2015/m080.pdf |
| フォーマット: | MixedMaterials 電子媒体 図書 |
| KOHA link: | https://koha.lib.tpu.ru/cgi-bin/koha/opac-detail.pl?biblionumber=288888 |
MARC
| LEADER | 00000nlm0a2200000 4500 | ||
|---|---|---|---|
| 001 | 288888 | ||
| 005 | 20231102000132.0 | ||
| 035 | |a (RuTPU)RU\TPU\book\313392 | ||
| 035 | |a RU\TPU\book\313385 | ||
| 090 | |a 288888 | ||
| 100 | |a 20150330d2014 m y0rusy50 ca | ||
| 101 | 0 | |a rus | |
| 102 | |a RU | ||
| 105 | |a a j 001zy | ||
| 135 | |a drgn ---uucaa | ||
| 181 | 0 | |a i | |
| 182 | 0 | |a b | |
| 200 | 1 | |a Управление техносферной беопасностью |b Электронный ресурс |e учебное пособие |f В. Н. Извеков, А. Г. Кагиров |g Национальный исследовательский Томский политехнический университет (ТПУ) | |
| 203 | |a Текст |c электронный | ||
| 210 | |a Томск |c Изд-во ТПУ |d 2014 | ||
| 230 | |a 1 компьютерный файл (pdf; 1.6 МВ) | ||
| 300 | |a Заглавие с титульного экрана | ||
| 300 | |a Электронная версия печатной публикации | ||
| 330 | |a В пособии на основе зарубежных и отечественных источников и практического опыта описаны основные подходы к управлению техносферной безопасностью с целью оценки превентивных мероприятий и мероприятий по устранению последствий природных и техногенных чрезвычайных событий в соответствии с требованиями экологического, трудового законодательства, законодательства по чрезвычайным ситуациям и подзаконных нормативно-правовых актов.Предназначено для студентов, обучающихся по ООП 280700 "Техносферная безопасность", аспирантов, преподавателей, специалистов в области техносферной безопасности. | ||
| 333 | |a Режим доступа: из корпоративной сети ТПУ | ||
| 337 | |a Adobe Reader | ||
| 452 | 1 | |0 (RuTPU)RU\TPU\book\309592 |t Управление техносферной безопасностью |o учебное пособие |f В. Н. Извеков, А. Г. Кагиров |g Национальный исследовательский Томский политехнический университет (ТПУ) |c Томск |n Изд-во ТПУ |d 2014 |p 131 с. |a Извеков, Владимир Николаевич | |
| 606 | |a Охрана окружающей среды |x Управление |2 stltpush |3 (RuTPU)RU\TPU\subj\38948 |9 59192 | ||
| 610 | 1 | |a электронный ресурс | |
| 610 | 1 | |a учебные пособия | |
| 610 | 1 | |a труды учёных ТПУ | |
| 610 | 1 | |a управление | |
| 610 | 1 | |a техносферная безопасность | |
| 610 | 1 | |a чрезвычайные ситуации | |
| 610 | 1 | |a техносфера | |
| 610 | 1 | |a мониторинг | |
| 610 | 1 | |a риски | |
| 610 | 1 | |a опасные факторы | |
| 610 | 1 | |a вредные факторы | |
| 610 | 1 | |a окружающая среда | |
| 610 | 1 | |a ущербы | |
| 610 | 1 | |a возмещение | |
| 610 | 1 | |a нормативная база | |
| 610 | 1 | |a экологическое законодательство | |
| 675 | |a 502.35(075.8) |v 3 | ||
| 700 | 1 | |a Извеков |b В. Н. |c специалист в области экологии и безопасности жизнедеятельности |c доцент Томского политехнического университета, кандидат технических наук |f 1951- |g Владимир Николаевич |2 stltpush |3 (RuTPU)RU\TPU\pers\26364 | |
| 701 | 1 | |a Кагиров |b А. Г. |c специалист в области экологии и безопасности жизнедеятельности |c старший преподаватель Томского политехнического университета, инженер |f 1987- |g Артур Геннадьевич |2 stltpush |3 (RuTPU)RU\TPU\pers\29222 | |
| 712 | 0 | 2 | |a Национальный исследовательский Томский политехнический университет (ТПУ) |b Институт неразрушающего контроля (ИНК) |b Кафедра экологии и безопасности жизнедеятельности (ЭБЖ) |h 4850 |2 stltpush |3 (RuTPU)RU\TPU\col\18720 |
| 801 | 2 | |a RU |b 63413507 |c 20160615 |g RCR | |
| 856 | 4 | |u http://www.lib.tpu.ru/fulltext2/m/2015/m080.pdf | |
| 942 | |c CF | ||